Cửa địa ngục Truyện không đọc lúc nửa đêm
v.v...
Đã lưu trong:
| Tác giả chính: | |
|---|---|
| Định dạng: | Sách |
| Năm xuất bản: |
Thanh Hóa
Nxb Thanh Hóa
2008
|
| Chủ đề: | |
| Tags: |
Thêm thẻ
Không có thẻ, Hãy là người đầu tiên gắn thẻ bản ghi này!
|
| LEADER | 00968nam a2200193 4500 | ||
|---|---|---|---|
| 082 | |a 895.922334 |b N104TH | ||
| 100 | |a Nam Thành | ||
| 245 | |a Cửa địa ngục |c Nam Thành |b Truyện không đọc lúc nửa đêm | ||
| 260 | |a Thanh Hóa |b Nxb Thanh Hóa |c 2008 | ||
| 300 | |a 158 tr. |c 21 cm. | ||
| 520 | |a v.v... | ||
| 653 | |a Văn học hiện đại | ||
| 653 | |a Việt Nam | ||
| 653 | |a Truyện kinh dị | ||
| 942 | |2 ddc |c STK0 | ||
| 999 | |c 2810 |d 2810 | ||
| 952 | |0 0 |1 0 |2 ddc |4 0 |6 895_922334000000000_N104TH |7 1 |8 800 |9 33394 |a qbu |b qbu |c D5 |d 2014-12-15 |g 25000 |l 1 |o 895.922334 N104TH |p 996.c1 |r 2015-02-05 |s 2015-01-29 |w 2014-12-15 |y STK0 | ||
| 952 | |0 0 |1 0 |2 ddc |4 0 |6 895_922334000000000_N104TH |7 0 |8 800 |9 33395 |a qbu |b qbu |c D5 |d 2014-12-15 |g 25000 |l 3 |o 895.922334 N104TH |p 996.c2 |r 2017-03-28 |s 2017-03-16 |w 2014-12-15 |y STK0 | ||
| 952 | |0 0 |1 0 |2 ddc |4 0 |6 895_922334000000000_N104TH |7 0 |8 800 |9 33396 |a qbu |b qbu |c D5 |d 2014-12-15 |g 25000 |l 2 |o 895.922334 N104TH |p 996.c3 |r 2015-12-31 |s 2015-12-18 |w 2014-12-15 |y STK0 | ||